00438 2200169 4500001002100000005001500021008004100036020001700077035001900094041000700113082000800120090001400128100002000142245004500162260003400207300002700241INLIS00000000000016220241224112127241224||||||||| | ||| |||| || |  a979-9055-1-2 0010-1224000162 aid0 a340 a340 SOE p0 aWartini Soegeng00aPengukuran Kapal Indonesia (Aspek Hukum) aBandungbRefika Aditamac2000 axii, 180 hlm.; 23,5 cm